Research frontiers in fluid dynamics (Record no. 3333)

MARC details
000 -LEADER
fixed length control field 00669nam a2200217Ia 4500
003 - CONTROL NUMBER IDENTIFIER
control field IN-BaIIA
008 - FIXED-LENGTH DATA ELEMENTS--GENERAL INFORMATION
fixed length control field 211028s9999 xx 000 0 eng d
040 ## - CATALOGING SOURCE
Transcribing agency IIA Library
080 ## - UNIVERSAL DECIMAL CLASSIFICATION NUMBER
Universal Decimal Classification number 532.5
Item number RES
245 #0 - TITLE STATEMENT
Title Research frontiers in fluid dynamics
Statement of responsibility, etc. edited by Raymond J. Seeger and G. Temple
260 ## - PUBLICATION, DISTRIBUTION, ETC.
Place of publication, distribution, etc. New York
Name of publisher, distributor, etc. Wiley
Date of publication, distribution, etc. 1965
300 ## - PHYSICAL DESCRIPTION
Extent ix, 738p.
490 ## - SERIES STATEMENT
Series statement Interscience monographs and texts in physics and astronomy; v. XV
650 ## - SUBJECT ADDED ENTRY--TOPICAL TERM
Topical term or geographic name entry element Fluid dynamics
9 (RLIN) 1512
650 ## - SUBJECT ADDED ENTRY--TOPICAL TERM
Topical term or geographic name entry element Fluid mechanics
9 (RLIN) 1513
650 ## - SUBJECT ADDED ENTRY--TOPICAL TERM
Topical term or geographic name entry element Hydrodynamics
9 (RLIN) 1514
650 ## - SUBJECT ADDED ENTRY--TOPICAL TERM
Topical term or geographic name entry element NASA Thesaurus
700 ## - ADDED ENTRY--PERSONAL NAME
Personal name Seeger, Raymond J., ed.
9 (RLIN) 5924
700 ## - ADDED ENTRY--PERSONAL NAME
Personal name Temple, G., ed.
9 (RLIN) 5925
942 ## - ADDED ENTRY ELEMENTS (KOHA)
Koha item type Books
Holdings
Withdrawn status Lost status Damaged status Not for loan Home library Current library Shelving location Date acquired Cost, normal purchase price Total Checkouts Full call number Barcode Date last seen Cost, replacement price Price effective from Koha item type Purchase Price
        IIA Library-Bangalore IIA Library-Bangalore General Stacks 22/11/1969 216.00   532.5/ RES 3707 05/11/2021 216.00 22/11/1969 Books Rs. 216.00

Powered by Koha